[Event "Buskerud-ch op"]
[Site "Konnerud"]
[Date "2018.06.17"]
[Round "4"]
[White "Becher, Adrian"]
[Black "Flemsater, Egil"]
[Result "1-0"]
[WhiteElo "1438"]
[BlackElo "1419"]
[PlyCount "69"]
[EventDate "2018.06.16"]
[EventType "swiss"]
[EventRounds "5"]
[EventCountry "NOR"]
[SourceTitle "EXT 2024"]
[Source "ChessBase"]
[SourceDate "2023.10.10"]
[SourceVersion "1"]
[SourceVersionDate "2023.10.10"]
[SourceQuality "1"]

1. d4 Nf6 2. c4 e6 3. Nc3 Bb4 4. Nf3 b6 5. Bg5 d6 6. e3 0-0 7. Be2 Nbd7 8. 0-0 Bxc3 9. bxc3 c5 10. Qc2 Bb7 11. Nd2 Qc7 12. Bf3 cxd4 13. cxd4 Bxf3 14. Nxf3 d5 15. Nd2 Rac8 16. Rac1 Rfe8 17. Qb2 Nh5 18. cxd5 Qd6 19. dxe6 Qxe6 20. Bh4 Qg4 21. Nf3 h6 22. Qb5 g5 23. Bg3 Nxg3 24. hxg3 Kg7 25. Rc6 Nf6 26. Rfc1 Rcd8 27. Rc7 Rd5 28. Qc4 Qe6 29. Rxa7 Ng4 30. Rc7 Nxe3 31. fxe3 g4 32. Ne5 Rxe5 33. dxe5 Qxc4 34. R1xc4 Rxe5 35. Rxg4+ 1-0

[Event "Buskerud-ch op"]
[Site "Konnerud"]
[Date "2018.06.16"]
[Round "1"]
[White "Flemsater, Egil"]
[Black "Skogli, Paal"]
[Result "0-1"]
[WhiteElo "1419"]
[BlackElo "1793"]
[PlyCount "52"]
[EventDate "2018.06.16"]
[EventType "swiss"]
[EventRounds "5"]
[EventCountry "NOR"]
[SourceTitle "EXT 2024"]
[Source "ChessBase"]
[SourceDate "2023.10.10"]
[SourceVersion "1"]
[SourceVersionDate "2023.10.10"]
[SourceQuality "1"]

1. e4 e5 2. Nf3 d5 3. d3 Bd6 4. Be2 f5 5. exf5 Bxf5 6. Bg5 Nf6 7. 0-0 0-0 8. Nc3 c6 9. d4 Nbd7 10. dxe5 Nxe5 11. Nxe5 Bxe5 12. Bd3 Qd7 13. Qf3 Ne4 14. Bf4 Bg4 15. Qe3 Bxf4 16. Qe1 Bd2 17. Qb1 Nxc3 18. bxc3 Bxc3 19. f3 Bf5 20. Qb3 Bd4+ 21. Kh1 Bxa1 22. Rxa1 Bxd3 23. cxd3 b6 24. Qc3 c5 25. d4 c4 26. Rf1 Rae8 0-1

[Event "Konnerud Autumn"]
[Site "Konnerud"]
[Date "2017.11.22"]
[Round "8"]
[White "Sorjordet, Anders"]
[Black "Flemsater, Egil"]
[Result "1/2-1/2"]
[WhiteElo "1738"]
[BlackElo "1389"]
[PlyCount "99"]
[EventDate "2017.09.20"]
[EventType "swiss"]
[EventRounds "9"]
[EventCountry "NOR"]
[SourceTitle "EXT 2024"]
[Source "ChessBase"]
[SourceDate "2023.10.10"]
[SourceVersion "1"]
[SourceVersionDate "2023.10.10"]
[SourceQuality "1"]

1. d4 c6 2. Nf3 d5 3. g3 Nf6 4. Bg2 Bf5 5. 0-0 e6 6. c4 dxc4 7. Ne5 Be7 8. a4 a5 9. Nxc4 0-0 10. Nc3 Na6 11. e4 Bg6 12. Bf4 Re8 13. d5 exd5 14. exd5 cxd5 15. Nxd5 Nxd5 16. Qxd5 Qxd5 17. Bxd5 Rac8 18. Ne5 Nc5 19. Nxg6 hxg6 20. Be5 b6 21. Rfd1 Bf6 22. Bxf6 gxf6 23. Bc4 Kg7 24. b3 Rcd8 25. Bb5 Rxd1+ 26. Rxd1 Re7 27. Rd6 Re6 28. Rxe6 fxe6 29. Bc4 e5 30. f3 f5 31. h4 Kf6 32. Kf2 g5 33. hxg5+ Kxg5 34. Ke3 e4 35. Bd5 exf3 36. Kxf3 Nd7 37. Ke3 Nf6 38. Bf3 Ng4+ 39. Bxg4 Kxg4 40. Kf2 f4 41. gxf4 Kxf4 42. Ke2 Ke4 43. Kd2 Kd5 44. Kc3 Kc5 45. Kc2 b5 46. axb5 Kxb5 47. Kc3 Kc5 48. Kc2 Kb4 49. Kb2 a4 50. bxa4 1/2-1/2

[Event "Konnerud GP"]
[Site "Konnerud"]
[Date "2017.11.19"]
[Round "5"]
[White "Stokke, Jan"]
[Black "Flemsater, Egil"]
[Result "1/2-1/2"]
[WhiteElo "1824"]
[BlackElo "1389"]
[PlyCount "52"]
[EventDate "2017.11.18"]
[EventType "swiss"]
[EventRounds "5"]
[EventCountry "NOR"]
[SourceTitle "EXT 2024"]
[Source "ChessBase"]
[SourceDate "2023.10.10"]
[SourceVersion "1"]
[SourceVersionDate "2023.10.10"]
[SourceQuality "1"]

1. b4 d5 2. Bb2 e6 3. Nf3 Nf6 4. a3 Be7 5. e3 0-0 6. c4 dxc4 7. Bxc4 b6 8. 0-0 Bb7 9. Nc3 Nbd7 10. d4 c6 11. Rc1 Rc8 12. Qb3 c5 13. Rfd1 Bxf3 14. gxf3 cxb4 15. axb4 Kh8 16. Be2 Bd6 17. d5 Nxd5 18. Nxd5 Qg5+ 19. Kh1 Qh4 20. f4 Rxc1 21. Rxc1 Qxf2 22. Rg1 Rg8 23. Bb5 exd5 24. Bxd7 Qf3+ 25. Rg2 Qf1+ 26. Rg1 Qf3+ 1/2-1/2

[Event "Konnerud CC-ch"]
[Site "Konnerud"]
[Date "2017.04.26"]
[Round "9"]
[White "Flemsater, Egil"]
[Black "Sveia, Per Arne"]
[Result "1-0"]
[WhiteElo "1465"]
[BlackElo "1177"]
[PlyCount "63"]
[EventDate "2017.01.11"]
[EventType "swiss"]
[EventRounds "9"]
[EventCountry "NOR"]
[SourceTitle "EXT 2024"]
[Source "ChessBase"]
[SourceDate "2023.10.10"]
[SourceVersion "1"]
[SourceVersionDate "2023.10.10"]
[SourceQuality "1"]

1. d4 e6 2. c4 Nf6 3. Nf3 Bb4+ 4. Bd2 Qe7 5. a3 Bxd2+ 6. Nbxd2 d5 7. e3 dxc4 8. Bxc4 Nbd7 9. 0-0 c6 10. Qc2 e5 11. dxe5 Nxe5 12. Nxe5 Qxe5 13. Qb3 0-0 14. f4 Qe7 15. Nf3 a5 16. Ne5 Be6 17. Rad1 Bxc4 18. Qxc4 Nd5 19. Rde1 Qe8 20. e4 Nf6 21. Nf3 b5 22. Qc2 Rc8 23. e5 Ng4 24. Ng5 g6 25. h3 Nh6 26. e6 Qd8 27. Qe4 Qb6+ 28. Kh1 fxe6 29. Qxe6+ Kh8 30. Qd7 Rc7 31. Qd6 Nf5 32. Qxf8# 1-0

[Event "NOR-chT Clubs"]
[Site "Drammen"]
[Date "2010.10.10"]
[Round "5"]
[White "Suntharalingam, Jarani"]
[Black "Flemsater, Egil"]
[Result "1-0"]
[WhiteElo "1385"]
[BlackElo "1183"]
[PlyCount "83"]
[EventDate "2010.10.08"]
[EventType "team"]
[EventRounds "6"]
[EventCountry "NOR"]
[SourceTitle "EXT 2015"]
[Source "ChessBase"]
[SourceDate "2014.11.20"]
[SourceVersion "1"]
[SourceVersionDate "2014.11.20"]
[SourceQuality "1"]
[WhiteTeam "OSS VI"]
[BlackTeam "Konnerud"]
[WhiteTeamCountry "NOR"]
[BlackTeamCountry "NOR"]

1. e4 e6 2. d4 d5 3. exd5 exd5 4. c4 Nf6 5. Nc3 Bb4 6. Bg5 c6 7. a3 Bxc3+ 8. bxc3 0-0 9. Bd3 Qa5 10. Qc2 dxc4 11. Bxf6 cxd3 12. Qxd3 gxf6 13. Ne2 Bf5 14. Qg3+ Kh8 15. 0-0 Qd5 16. Nf4 Qd8 17. h4 Rg8 18. Qh2 Nd7 19. Rfe1 Nb6 20. Rac1 Nd5 21. Nh5 Bg6 22. Ng3 Nf4 23. Re3 Nh5 24. Nf1 Qd7 25. f3 Rae8 26. Rce1 Rxe3 27. Rxe3 Re8 28. g4 Ng7 29. h5 Rxe3 30. hxg6 fxg6 31. Nxe3 Qe7 32. Ng2 a6 33. c4 Ne6 34. d5 cxd5 35. cxd5 Nd4 36. Qb8+ Kg7 37. d6 Qf7 38. Qc7 Nc6 39. d7 Qe7 40. d8Q Qxc7 41. Qxc7+ Kh6 42. Qxb7 1-0

[Event "NOR-chT Clubs"]
[Site "Drammen"]
[Date "2010.10.09"]
[Round "4"]
[White "Flemsater, Egil"]
[Black "Christiansen, Steinar"]
[Result "0-1"]
[WhiteElo "1183"]
[BlackElo "1124"]
[PlyCount "101"]
[EventDate "2010.10.08"]
[EventType "team"]
[EventRounds "6"]
[EventCountry "NOR"]
[SourceTitle "EXT 2015"]
[Source "ChessBase"]
[SourceDate "2014.11.20"]
[SourceVersion "1"]
[SourceVersionDate "2014.11.20"]
[SourceQuality "1"]
[WhiteTeam "Konnerud"]
[BlackTeam "Drammen Tempo"]
[WhiteTeamCountry "NOR"]
[BlackTeamCountry "NOR"]

1. e4 e5 2. Nf3 Nc6 3. Bc4 Bc5 4. d3 h6 5. 0-0 d6 6. h3 Nf6 7. Nc3 a6 8. Nd5 Nd4 9. Nxd4 Bxd4 10. c3 Ba7 11. Qf3 0-0 12. Nxf6+ Qxf6 13. Qxf6 gxf6 14. Bxh6 Re8 15. Kh2 Be6 16. Bxe6 fxe6 17. Bd2 Re7 18. f4 Rf8 19. fxe5 dxe5 20. Rf3 Rh7 21. Raf1 Bc5 22. Rxf6 Be7 23. Rxf8+ Bxf8 24. Bg5 Bh6 25. Bf6 Rf7 26. Kg1 Bf4 27. Bh4 Bh2+ 28. Kxh2 Rxf1 29. Bg3 b5 30. Bxe5 c6 31. b4 Rd1 32. d4 Re1 33. Kg3 Rxe4 34. Kf3 Re1 35. Bg3 Ra1 36. Bf4 Rxa2 37. Ke3 Rxg2 38. h4 Kf7 39. Bg5 Kg6 40. Kd3 Kf5 41. Ke3 Rg3+ 42. Kd2 Rxg5 43. hxg5 Kxg5 44. Ke2 Kf6 45. Kf3 e5 46. dxe5+ Kxe5 47. Ke3 Kd5 48. Kd3 c5 49. Kc2 cxb4 50. Kb3 bxc3 51. Kxc3 0-1